000
00263nam a2200133Ia 4500
100
_a
Gage/W.L
942
_c
BK
654
_a
Analysis
245
_a
Value analysis
260
_b
Mc Graw Hill
_a
London
_c
1967
082
_a
658
300
_a
186
546
_a
ENGLISH
999
_c
35118
_d
35118